000 00811nam a22003017a 4500
001 BR0001183
003 BR-BrBNA
005 20230928100555.0
007 ta
008 230509b bl.||||| |||| 00| 0 por d
040 _aBR-BrBNA
_bpor
_cBiblioteca Nacional de Agricultura
041 _a(Por)
072 _aE10
090 _ E10 BR0001183
110 1 _aMinisterio da Agricultura e do Abastecimento, Brasilia, DF (Brasil)
_96726
245 1 _aPlano agricola; safra 1999/2000
260 3 _aBrasilia, DF (Brasil):
_c1999.
300 _a70 p.
650 _aPrevisao de Safra
650 _aProducao Vegetal
650 _aCusto
650 _aPreco
650 _aCredito
650 _aAgricultura Familiar
650 _aDesenvolvimento Rural
909 _a202309
_bLucia
_c55
_dLucia Elande
942 _cBK
999 _c61870
_d61870